Statistics for Geography Ending in I

Click here to take the quiz!

General Stats

  • This quiz has been taken 21,622 times
  • The average score is 14 of 20

Answer Stats

HintAnswer% Correct
City where the world's tallest building can be seenDubai
96%
Capital of FinlandHelsinki
95%
Shares a border with the Dominican RepublicHaiti
90%
Financial capital of ChinaShanghai
90%
Two most populous urban areas in IndiaDelhi
88%
Two most populous urban areas in IndiaMumbai
81%
Tourist-friendly Indonesian island whose largest city is DenpasarBali
77%
U.S. state which was formerly a kingdomHawaii
77%
U.S. city home to the world's busiest cruise portMiami
77%
Capital of LibyaTripoli
77%
Country ruled by a sultanBrunei
66%
An official language in Kenya, Tanzania, and UgandaSwahili
64%
Most populous city in PakistanKarachi
63%
Highest mountain in the United StatesDenali
60%
Most populous island in French PolynesiaTahiti
55%
Ancient Greek site where the god Apollo spoke through an oracleDelphi
54%
Ethnic group of Rwanda and Burundi which was the victim of genocide in the 1990sTutsi
54%
River forming much of the Zambia / Zimbabwe borderZambezi
54%
Resort island near Naples which a type of pants are named forCapri
42%
City in Bolivia with an elevation over 4000 meters located near the richest
silver deposit ever discovered
Potosí
15%

Score Distribution

Percentile by Number Answered

Percent of People with Each Score

Your Score History

You have not taken this quiz